[Event "AUTO-MASTER-900"]
[Site "http://www.queenalice.com/game.php?id=764968"]
[Date "2010.4.23"]
[Round "2"]
[White "DEIMOS"]
[Black "Jerick"]
[Result "0-1"]
[WhiteElo "2273"]
[BlackElo "2344"]

1. Nf3 Nf6 2. c4 e6 3. g3 d5 4. Bg2 Be7 5. O-O d4 6. d3 Nc6 7. Na3 O-O 8. Nc2 a5
9. b3 e5 10. a3 Re8 11. Bb2 Ra6 12. Rb1 Rb6 13. Ba1 Bc5 14. Qc1 Qd6 15. Rd1 Bf5
16. h3 h6 17. Kh2 Bg6 18. Qb2 e4 19. Nfxd4 Nxd4 20. Nxd4 Bxa3 21. Qa2 exd3 22.
exd3 Bb4 23. Nb5 Qd8 24. Rbc1 Qd7 25. Bxf6 Rxf6 26. Nc3 Qd4 27. Qa4 c6 28. Ne4
Rfe6 29. f4 f5 30. Nd2 Re2 0-1

[Event "AUTO-MASTER-1092"]
[Site "http://www.queenalice.com/game.php?id=798553"]
[Date "2010.7.4"]
[Round "2"]
[White "DEIMOS"]
[Black "Diemerlin"]
[Result "1-0"]
[WhiteElo "2314"]
[BlackElo "2208"]

1. Nf3 e6 2. g3 f5 3. Bg2 Nf6 4. O-O Be7 5. c4 O-O 6. d4 d6 7. b4 Ne4 8. Bb2 a5
9. a3 axb4 10. axb4 Rxa1 11. Bxa1 b5 12. cxb5 Nd7 13. d5 e5 14. Nfd2 Nxd2 15.
Qxd2 Nb6 16. Nc3 Bd7 17. e3 Bf6 18. e4 1-0

[Event "AUTO-MASTER-1092"]
[Site "http://www.queenalice.com/game.php?id=798556"]
[Date "2010.7.4"]
[Round "2"]
[White "Gastaodacunha"]
[Black "DEIMOS"]
[Result "0-1"]
[WhiteElo "2160"]
[BlackElo "2300"]

1. e4 d6 2. Bc4 Nf6 3. d3 c6 4. Ne2 e5 5. O-O b5 6. Bb3 Be7 7. Ng3 g6 8. Kh1 a5
9. a3 Na6 10. f4 exf4 11. Bxf4 Nc5 12. Ba2 Ne6 13. Bd2 O-O 14. Nc3 Ng7 15. Bh6
Be6 16. Nge2 Bxa2 17. Nxa2 Ng4 18. Bd2 Qb6 19. d4 f5 20. h3 Nf6 21. exf5 Nxf5
22. g4 Ng7 23. Bh6 Ne4 24. Be3 d5 25. Nac3 Nxc3 26. Nxc3 Rxf1+ 27. Qxf1 Rf8 28.
Qg2 Bd6 29. Rf1 Qd8 30. Rxf8+ Qxf8 31. Qf2 Qxf2 32. Bxf2 Ne6 33. Ne2 a4 34. Be3
Kg7 35. Kg2 Kf6 36. h4 h5 37. gxh5 gxh5 38. Kf3 Kf5 39. Bh6 Be7 40. Be3 Bxh4 41.
Bd2 Ng5+ 42. Ke3 Ne4 43. Bb4 Bg5+ 44. Kf3 h4 45. Ba5 Nd2+ 46. Kg2 Nc4 47. Bc3
Ne3+ 48. Kf3 Nxc2 49. Ng1 Ne3 50. Nh3 Nd1 0-1

[Event "AUTO-MASTER-1092"]
[Site "http://www.queenalice.com/game.php?id=798557"]
[Date "2010.7.4"]
[Round "2"]
[White "DEIMOS"]
[Black "Gastaodacunha"]
[Result "1-0"]
[WhiteElo "2275"]
[BlackElo "2149"]

1. Nf3 d5 2. c4 Nf6 3. cxd5 Nxd5 4. e4 Nb6 5. d4 g6 6. Be3 Bg7 7. Nc3 O-O 8. h3
Nc6 9. Be2 e6 10. O-O Bd7 11. Qd2 Qe7 12. Bh6 Rad8 13. Bxg7 Kxg7 14. Rfd1 a6 15.
Rac1 e5 16. d5 Na7 17. Qe3 Nac8 18. b3 Nd6 19. Nb1 f5 20. exf5 Rxf5 21. Rxc7 Na8
22. Rcc1 e4 23. Nc3 Re8 24. Nd4 Rg5 25. Ne6+ Bxe6 26. dxe6 Nf5 27. Qxe4 Nh4 28.
Rd7 1-0

[Event "AUTO-MASTER-1092"]
[Site "http://www.queenalice.com/game.php?id=798558"]
[Date "2010.7.4"]
[Round "2"]
[White "BEBADO"]
[Black "DEIMOS"]
[Result "0-1"]
[WhiteElo "2189"]
[BlackElo "2283"]

1. e4 d6 2. d4 Nf6 3. Nc3 g6 4. f4 Bg7 5. Bd3 O-O 6. Nf3 Na6 7. O-O c5 8. d5 Rb8
9. e5 Ne8 10. Qe1 Nb4 11. Qh4 Nxd3 12. cxd3 Bf5 13. Rd1 e6 14. dxe6 Qxh4 15.
Nxh4 Bxe6 16. exd6 Nxd6 17. Be3 b6 18. Bf2 Rbd8 19. Nf3 Nf5 20. Rd2 Nd4 21. Nxd4
Bxd4 22. Ne4 Kg7 23. a3 Bb3 24. Re1 Rfe8 25. Bxd4+ Rxd4 26. Kf2 f5 27. Ng5 Rxf4+
0-1

[Event "AUTO-MASTER-1092"]
[Site "http://www.queenalice.com/game.php?id=798559"]
[Date "2010.7.4"]
[Round "2"]
[White "DEIMOS"]
[Black "BEBADO"]
[Result "1/2-1/2"]
[WhiteElo "2277"]
[BlackElo "2216"]

1. Nf3 Nf6 2. c4 e6 3. g3 c5 4. Bg2 d5 5. O-O Nc6 6. b3 d4 7. d3 Bd6 8. e3 O-O
9. exd4 cxd4 10. Na3 a5 11. Nc2 e5 12. a3 Re8 13. Re1 h6 14. Rb1 Bf5 15. b4 axb4
16. axb4 e4 17. Nfxd4 Nxd4 18. Nxd4 Bg4 19. Qd2 Bxg3 20. hxg3 Qxd4 21. dxe4 Qxc4
22. f3 Be6 23. Bf1 Qc7 24. Qf2 Rec8 25. Bf4 Qc2 26. Rb2 Qxf2+ 27. Kxf2 Ra3 28.
Rc1 Rxc1 29. Bxc1 Rc3 1/2-1/2

[Event "AUTO-ELITE-590"]
[Site "http://www.queenalice.com/game.php?id=807570"]
[Date "2010.7.23"]
[Round "1"]
[White "Bruscato"]
[Black "DEIMOS"]
[Result "1/2-1/2"]
[WhiteElo "2221"]
[BlackElo "2283"]

1. e4 d6 2. d4 Nf6 3. Nc3 g6 4. f4 Bg7 5. Nf3 O-O 6. Bd3 Nc6 7. d5 Nb4 8. O-O c6
9. dxc6 bxc6 10. a3 Nxd3 11. cxd3 Bg4 12. Be3 e6 13. h3 Bxf3 14. Qxf3 d5 15. Bc5
Re8 16. e5 Nd7 17. Bd6 Bf8 18. Bxf8 Rxf8 19. b4 a5 20. Qe3 Qb6 21. Qxb6 Nxb6 22.
Ne2 Rfc8 23. Kf2 c5 24. bxc5 Rxc5 25. d4 Rb5 26. Rab1 Rxb1 27. Rxb1 Nc4 1/2-1/2

[Event "AUTO-ELITE-590"]
[Site "http://www.queenalice.com/game.php?id=807571"]
[Date "2010.7.23"]
[Round "1"]
[White "DEIMOS"]
[Black "Bruscato"]
[Result "1/2-1/2"]
[WhiteElo "2285"]
[BlackElo "2236"]

1. Nf3 b5 2. e3 a6 3. a4 b4 4. d4 e6 5. c4 a5 6. Nbd2 c5 7. Nb3 cxd4 8. exd4 Nf6
9. Bd3 d5 10. c5 Nc6 11. Qe2 Be7 12. Ne5 Nxe5 13. Qxe5 O-O 14. Bf4 Ba6 15. Bxa6
Rxa6 16. f3 Nd7 17. Qe2 Qa8 18. O-O Rc8 19. g4 Ra7 20. Kg2 Nb8 21. Kg3 Nc6 22.
Rae1 Bf6 23. Qd3 Rd7 24. g5 Be7 25. h4 Rf8 26. Re2 Bd8 27. Bd6 1/2-1/2

[Event "AUTO-ELITE-590"]
[Site "http://www.queenalice.com/game.php?id=807574"]
[Date "2010.7.23"]
[Round "1"]
[White "danbots5k"]
[Black "DEIMOS"]
[Result "0-1"]
[WhiteElo "2281"]
[BlackElo "2327"]

1. Nf3 f5 2. d4 Nf6 3. g3 g6 4. Bg2 Bg7 5. c4 O-O 6. O-O d6 7. Nc3 c6 8. d5 cxd5
9. cxd5 Na6 10. Ng5 Nc5 11. Be3 h6 12. Bxc5 dxc5 13. Ne6 Bxe6 14. dxe6 Qc8 15.
Rb1 Rb8 16. Qa4 a6 17. Qb3 b5 18. Nd5 Nxd5 19. Bxd5 Qc7 20. Qf3 c4 21. Rfc1 Qe5
22. Rd1 Kh7 23. h4 h5 24. e3 Rbd8 25. a4 Rd6 26. Rd4 Rfd8 27. Rbd1 bxa4 28. Bxc4
Rxd4 29. exd4 Rxd4 30. Rxd4 Qxd4 31. Bxa6 Qxb2 32. Qe2 a3 33. Qxb2 axb2 34. Bd3
Bd4 35. Bb1 Kg7 36. Kg2 Kf6 37. Ba2 Ke5 38. f3 Bc5 39. Kf1 Kd4 40. Ke2 Kc3 41.
Bb1 Bd6 42. f4 Bc5 43. Ke1 Bg1 44. Kf1 Kd2 45. Kxg1 Kc1 46. Ba2 b1=Q 47. Bxb1
Kxb1 48. Kf1 Kb2 49. Kf2 Kb3 50. Kf3 Kc4 51. Ke2 Kd5 52. Kd3 Kxe6 53. Kc4 Kd6
54. Kd4 e6 55. Kc4 e5 56. fxe5+ Kxe5 57. Kd3 f4 58. Ke2 fxg3 59. Kf3 g2 60. Kxg2
Kf4 0-1

[Event "AUTO-ELITE-590"]
[Site "http://www.queenalice.com/game.php?id=807575"]
[Date "2010.7.23"]
[Round "1"]
[White "DEIMOS"]
[Black "danbots5k"]
[Result "1-0"]
[WhiteElo "2338"]
[BlackElo "2181"]

1. Nf3 Nf6 2. c4 g6 3. Nc3 Bg7 4. e4 d6 5. d4 O-O 6. Be2 Bg4 7. Be3 Nbd7 8. Nd2
Bxe2 9. Qxe2 a6 10. g4 c5 11. d5 b5 12. cxb5 axb5 13. Nxb5 Qa5 14. Nc3 Qb4 15.
Rb1 Ne5 16. f3 Rfb8 17. O-O c4 18. a3 Qa5 19. Nxc4 Nxc4 20. Qxc4 Nd7 21. Rfc1
Ne5 22. Qe2 Rb3 23. Rc2 Rab8 24. Rd1 Rc8 25. Bd4 Nc4 26. Bxg7 Kxg7 27. Na2 Qb6+
28. Qf2 Qxf2+ 29. Rxf2 Rxb2 30. Rxb2 Nxb2 31. Rc1 Rxc1+ 32. Nxc1 g5 33. Ne2 Na4
34. Kf2 e6 35. Ke3 Kf6 36. Kd4 Nb6 37. Nc3 e5+ 38. Kd3 Ke7 39. a4 Nd7 40. Kc4
Kd8 41. Nb5 Ke7 42. a5 Nc5 43. Na7 Kd7 44. Nc6 Kc7 45. Nxe5 f6 46. Nd3 Nd7 47.
Kb5 Nf8 48. a6 Ng6 49. a7 Kb7 50. a8=Q+ Kxa8 51. Kc6 Nh4 52. Ne1 Kb8 53. Kxd6
Kc8 54. Ke7 1-0

[Event "AUTO-MASTER-1176"]
[Site "http://www.queenalice.com/game.php?id=808115"]
[Date "2010.7.24"]
[Round "1"]
[White "szachista92"]
[Black "DEIMOS"]
[Result "1/2-1/2"]
[WhiteElo "2180"]
[BlackElo "2304"]

1. e4 d6 2. f4 g6 3. Nf3 Bg7 4. Nc3 Nf6 5. d4 O-O 6. h3 b6 7. Bd3 c5 8. d5 Na6
9. O-O Nc7 10. Be3 Bb7 11. a4 a6 12. Qd2 Qd7 13. Ne2 b5 14. Ng3 c4 15. Be2 e6
16. dxe6 fxe6 17. e5 dxe5 18. Nxe5 Qxd2 19. Bxd2 Ne4 20. Nxe4 Bxe4 21. c3 Bxe5
22. fxe5 Rxf1+ 23. Rxf1 Rf8 24. Bf3 Bxf3 25. gxf3 Nd5 26. f4 bxa4 27. Ra1 Nxf4
28. Bxf4 Rxf4 29. Rxa4 Re4 30. b3 Rxe5 31. Rxc4 Rb5 32. b4 a5 33. bxa5 Rxa5 34.
Rc7 Ra2 35. c4 Rc2 36. c5 g5 37. c6 h6 38. Rc8+ Kf7 39. c7 Ke7 40. Rh8 Rxc7 41.
Rxh6 Rc5 42. Kg2 Kd6 43. Kf3 Rc1 44. Rg6 Ke5 1/2-1/2

[Event "AUTO-MASTER-1176"]
[Site "http://www.queenalice.com/game.php?id=808116"]
[Date "2010.7.24"]
[Round "1"]
[White "DEIMOS"]
[Black "szachista92"]
[Result "1-0"]
[WhiteElo "2284"]
[BlackElo "2225"]

1. Nf3 f5 2. g3 Nf6 3. Bg2 g6 4. c4 Bg7 5. O-O O-O 6. d4 c6 7. Nc3 d6 8. d5 Qe8
9. Nd4 e5 10. dxe6 Bxe6 11. Qb3 Bc8 12. Bf4 Ne4 13. Nxe4 fxe4 14. Rad1 Be5 15.
e3 Bxf4 16. exf4 Na6 17. Rfe1 Nc5 18. Qa3 Bg4 19. f3 Bf5 20. b4 Nd3 21. Rxd3
exd3 22. Rxe8 Raxe8 23. Qc3 Re3 24. Kf2 Rfe8 25. Bf1 Bd7 26. Bxd3 a6 27. Nc2
R3e7 28. g4 Rf8 29. Kg3 Ref7 30. Qd4 c5 31. Qxd6 cxb4 32. Nxb4 1-0

[Event "AUTO-MASTER-1176"]
[Site "http://www.queenalice.com/game.php?id=808131"]
[Date "2010.7.24"]
[Round "1"]
[White "deltaboy"]
[Black "DEIMOS"]
[Result "0-1"]
[WhiteElo "2259"]
[BlackElo "2271"]

1. b3 e5 2. Bb2 Nc6 3. e4 Bc5 4. Nf3 d6 5. Bb5 Bd7 6. h3 Nf6 7. O-O Nxe4 8. Qe2
Ng5 9. d3 O-O 10. Nbd2 Ne6 11. g3 Ncd4 12. Nxd4 Nxd4 13. Bxd4 Bxd4 14. Bxd7 Bxa1
15. Bg4 Bd4 16. Kg2 f5 17. Bf3 d5 18. Kh2 e4 19. Bg2 c6 20. Nb1 Qg5 21. c3 Bb6
22. Nd2 Rae8 0-1

[Event "AUTO-MASTER-1176"]
[Site "http://www.queenalice.com/game.php?id=808132"]
[Date "2010.7.24"]
[Round "1"]
[White "DEIMOS"]
[Black "deltaboy"]
[Result "0-1"]
[WhiteElo "2284"]
[BlackElo "2246"]

1. Nf3 Nf6 2. c4 b6 3. g3 g6 4. Bg2 Bb7 5. O-O Bg7 6. Nc3 O-O 7. e4 Nxe4 8. d4
e6 9. Re1 Nxc3 10. bxc3 c5 11. Rb1 Na6 12. Be3 Rc8 13. Qe2 d6 14. Red1 Qe8 15.
Bf4 e5 16. dxe5 dxe5 0-1

[Event "AUTO-MASTER-1176"]
[Site "http://www.queenalice.com/game.php?id=808143"]
[Date "2010.7.24"]
[Round "1"]
[White "DEIMOS"]
[Black "woinic"]
[Result "1-0"]
[WhiteElo "2281"]
[BlackElo "2023"]

1. Nf3 d5 2. c4 c6 3. g3 Nf6 4. Bg2 dxc4 5. Qc2 Be6 6. Ng5 Bd5 7. e4 h6 8. Nh3
Be6 9. Nf4 Bg4 10. h3 Bc8 11. Qxc4 e5 12. Ne2 Be6 13. Qc3 Qc7 14. d4 Na6 15. O-O
Bb4 16. Qc2 Rd8 17. Be3 O-O 18. Nbc3 Qc8 19. Kh2 Bxc3 20. Qxc3 Nd7 21. f4 exd4
22. Nxd4 Nf6 23. Rfe1 Nc7 24. a4 Rfe8 25. Nxe6 Nxe6 26. Bxa7 c5 27. f5 Ng5 28.
e5 Nd7 29. a5 Qa8 30. Bxc5 Nxc5 31. Qxc5 Rc8 32. Qb5 Rc2 33. Re2 Rxe2 34. Qxe2
Qc8 35. h4 Nh7 36. Qf3 Rxe5 37. Qxb7 Qxf5 38. Qb8+ Nf8 39. a6 1-0

[Event "AUTO-MASTER-1176"]
[Site "http://www.queenalice.com/game.php?id=808144"]
[Date "2010.7.24"]
[Round "1"]
[White "woinic"]
[Black "DEIMOS"]
[Result "1/2-1/2"]
[WhiteElo "2029"]
[BlackElo "2292"]

1. c4 f5 2. Nc3 Nf6 3. g3 g6 4. Bg2 Bg7 5. e3 e5 6. d3 c6 7. Nge2 O-O 8. O-O Na6
9. a3 d5 10. cxd5 cxd5 11. Bd2 Be6 12. d4 e4 13. Qb3 b6 14. Rac1 Qd7 15. Qb5 Qb7
16. Qb3 Rfc8 17. Na2 Rxc1 18. Rxc1 Rc8 19. Nb4 Rxc1+ 20. Nxc1 Bf8 21. Nxa6 Qxa6
22. Bf1 Qc8 23. Qc3 Ne8 24. Qxc8 Bxc8 25. Na2 Nc7 26. Bb4 a5 27. Bxf8 Kxf8 28.
Nc3 Bd7 29. Be2 Ke7 30. Kf1 g5 31. Kg2 g4 32. h3 h5 33. hxg4 hxg4 34. Bd1 Kd6
35. Kf1 b5 36. Ke1 Kc6 37. Kd2 Kb6 38. b4 a4 39. Ne2 1/2-1/2

[Event "AUTO-MASTER-953"]
[Site "http://www.queenalice.com/game.php?id=821088"]
[Date "2010.8.21"]
[Round "2"]
[White "aormic"]
[Black "DEIMOS"]
[Result "1-0"]
[WhiteElo "2323"]
[BlackElo "2345"]

1. e4 d6 2. d4 Nf6 3. Nc3 g6 4. Bg5 Bg7 5. Qd2 c6 6. Bd3 Qb6 7. Nge2 Qxb2 8. Rb1
Qa3 9. Bh6 O-O 10. f3 e5 11. Rb3 Qa5 12. d5 cxd5 13. Rb5 Qc7 14. exd5 Nbd7 15.
Rb4 Nc5 16. Rh4 Bd7 17. Bxg7 Kxg7 18. Qh6+ Kg8 19. O-O Rfc8 20. g4 Qb6 21. Kh1
Nxd3 22. cxd3 Be8 23. g5 Nd7 24. Ne4 Qe3 25. f4 Qxe2 26. Rf2 Qxd3 27. f5 Rc1+
28. Kg2 gxf5 29. Qxh7+ Kf8 30. g6 Ke7 31. g7 Qxd5 32. g8=Q 1-0

[Event "AUTO-MASTER-953"]
[Site "http://www.queenalice.com/game.php?id=821089"]
[Date "2010.8.21"]
[Round "2"]
[White "DEIMOS"]
[Black "aormic"]
[Result "1/2-1/2"]
[WhiteElo "2308"]
[BlackElo "2342"]

1. Nf3 d5 2. c4 c6 3. g3 Bg4 4. Ne5 Bf5 5. Qb3 Qc8 6. cxd5 cxd5 7. Nc3 e6 8. Bg2
Nf6 9. O-O Nbd7 10. Nxd7 Qxd7 11. d3 Be7 12. e4 1/2-1/2

[Event "AUTO-MASTER-953"]
[Site "http://www.queenalice.com/game.php?id=821092"]
[Date "2010.8.21"]
[Round "2"]
[White "DEIMOS"]
[Black "aquiles88"]
[Result "1-0"]
[WhiteElo "2309"]
[BlackElo "2074"]

1. Nf3 Nf6 2. c4 c5 3. g3 b6 4. Bg2 Bb7 5. O-O d5 6. cxd5 Nxd5 7. Nc3 Nd7 8. d3
N7f6 9. Ne5 a6 10. Qa4+ b5 11. Nxb5 axb5 12. Qxb5+ Nd7 13. Qxb7 Nxe5 14. Qxd5
Qxd5 15. Bxd5 1-0

[Event "AUTO-MASTER-953"]
[Site "http://www.queenalice.com/game.php?id=821093"]
[Date "2010.8.21"]
[Round "2"]
[White "aquiles88"]
[Black "DEIMOS"]
[Result "0-1"]
[WhiteElo "2067"]
[BlackElo "2323"]

1. d4 f5 2. e4 fxe4 3. Nc3 Nf6 4. Bg5 e6 5. Nxe4 Be7 6. Bxf6 Bxf6 7. Nf3 Qe7 8.
c3 b6 9. Bd3 Bb7 10. O-O O-O 11. Qe2 Nc6 12. Rfe1 Rae8 13. Nxf6+ Qxf6 14. Qe4 g6
15. Qe2 Re7 16. Rad1 Ref7 17. Rd2 Qf4 0-1

[Event "AUTO-ELITE-590"]
[Site "http://www.queenalice.com/game.php?id=888163"]
[Date "2011.1.19"]
[Round "2"]
[White "puddschini"]
[Black "DEIMOS"]
[Result "1-0"]
[WhiteElo "2504"]
[BlackElo "2332"]

1. e4 d6 2. d4 Nf6 3. Nc3 g6 4. Be3 Bg7 5. f3 c6 6. Qd2 b5 7. g4 Qa5 8. Nge2 h5
9. g5 Nfd7 10. f4 b4 11. Nd1 c5 12. Bg2 Bb7 13. O-O O-O 14. f5 Na6 15. a3 Qc7
16. axb4 cxb4 17. Nf4 Kh7 18. Qd3 1-0

[Event "AUTO-ELITE-590"]
[Site "http://www.queenalice.com/game.php?id=888164"]
[Date "2011.1.19"]
[Round "2"]
[White "DEIMOS"]
[Black "puddschini"]
[Result "0-1"]
[WhiteElo "2325"]
[BlackElo "2510"]

1. Nf3 d5 2. c4 d4 3. g3 c5 4. Bg2 Nc6 5. O-O e5 6. d3 Bd6 7. e3 Nge7 8. Re1 O-O
9. Na3 dxe3 10. Bxe3 a6 11. Nc2 Nf5 12. Bd2 f6 13. Rb1 Be6 14. b4 Qd7 15. Qe2
Rfd8 16. Red1 cxb4 17. Nxb4 Nxb4 18. Bxb4 Bxb4 19. Rxb4 Rac8 20. g4 Nd6 21. g5
Nxc4 22. gxf6 gxf6 0-1

[Event "AUTO-ELITE-590"]
[Site "http://www.queenalice.com/game.php?id=888165"]
[Date "2011.1.19"]
[Round "2"]
[White "Bruscato"]
[Black "DEIMOS"]
[Result "0-1"]
[WhiteElo "2262"]
[BlackElo "2319"]

1. e4 d6 2. d4 Nf6 3. Nc3 g6 4. f4 Bg7 5. Nf3 c5 6. dxc5 Qa5 7. Bd2 Qxc5 8. Bd3
O-O 9. Qe2 Bg4 10. h3 Bxf3 11. Qxf3 Nc6 12. O-O-O Rfc8 13. g4 Nb4 14. Rhe1 Nd7
15. Kb1 Qa5 16. a3 Bxc3 17. Bxc3 Rxc3 18. axb4 Qxb4 19. Kc1 Rc6 20. h4 Rb6 21.
b3 Rc8 22. Bc4 Qa3+ 23. Kd2 Rxc4 0-1

[Event "AUTO-ELITE-590"]
[Site "http://www.queenalice.com/game.php?id=888166"]
[Date "2011.1.19"]
[Round "2"]
[White "DEIMOS"]
[Black "Bruscato"]
[Result "1-0"]
[WhiteElo "2329"]
[BlackElo "2230"]

1. Nf3 e6 2. g3 d5 3. Bg2 Nf6 4. c4 c6 5. b3 Be7 6. O-O O-O 7. Bb2 Nbd7 8. d4
dxc4 9. bxc4 a6 10. a4 Re8 11. Nc3 c5 12. d5 exd5 13. cxd5 Bd6 14. Re1 Rb8 15.
Qd3 Ne5 16. Nxe5 Bxe5 17. f4 Bd4+ 18. e3 Bxc3 19. Qxc3 b6 20. e4 Bb7 21. Qc4 b5
22. Qxc5 Ng4 23. Qd4 f6 24. h3 Nh6 25. axb5 axb5 26. Kh2 Bc8 27. Bc3 Nf7 28. Ra7
Nd6 29. Ba5 1-0